000 00386nam a2200169Ia 4500
008 210210b1932 xxu||||| |||| 00| 0 eng d
041 _aeng
082 _a825/257
100 _aDOBREE (B)
245 _aVariety of ways
260 _aOxford
_bAt the Clarendon Press
_c1932
650 _aways
650 _aVariety
650 _aof
690 _aEnglish Criticism
906 _a014574
999 _c133765
_d133765